| 000 | 00655nam a22002057a 4500 | ||
|---|---|---|---|
| 003 | BD-DhJNU | ||
| 005 | 20250120040853.0 | ||
| 008 | 250120b |||||||| |||| 00| 0 eng d | ||
| 020 | _a0804711011 | ||
| 040 |
_aBD-DhJNU _bENG _cBD-DhJNU _dBD-DhJNU |
||
| 082 |
_223 _a944.0814 |
||
| 100 | _aAndrew, Christopher M. | ||
| 245 |
_aThe climax of French imperial expansion 1914-1924 / _cChristopher M Andrew and A.S. Kanya-Forstner |
||
| 260 |
_aStanford : _bStanford University Press, _c1981. |
||
| 300 |
_a302 p. : _bill. ; _c24 cm. |
||
| 504 | _aincludes index | ||
| 650 | _aPolitics and government | ||
| 700 | _aKanya-Forstner, A. S. | ||
| 942 |
_2ddc _cBK _n0 |
||
| 999 |
_c1118 _d1118 |
||